Statistics for Lamborghini Car Models Worldwide 2022-23

Click here to take the quiz!

General Stats

  • This quiz has been taken 781 times
    (194 since last reset)
  • The average score is 12 of 16

Answer Stats

HintAnswer% Correct
V10 SupercarHuracan Evo
96%
V10 SupercarHuracan Evo RWD
96%
V10 SupercarHuracan Evo RWD Spyder
96%
V10 SupercarHuracan Evo Spyder
96%
V10 SupercarHuracan Performante
96%
V10 SupercarHuracan Performante Spyder
96%
V10 SupercarHuracan STO
96%
V10 SupercarHuracan Tecnica
96%
V8 Super SUVUrus Performante
91%
V8 Super SUVUrus S
91%
V12 Hybrid SupercarRevuelto
53%
V12 Hybrid HypercarSian FKP 37
52%
V12 Hybrid HypercarSian FKP 37 Roadster
52%
V12 Hybrid HypercarCountach LPI 800-4
37%
V12 Track CarEssenza SCV12
27%
LMDh RacecarSC63
17%

Score Distribution

Percentile by Number Answered

Percent of People with Each Score

Your Score History

You have not taken this quiz since the last reset